Cómo funciona el aprendizaje : (Registro nro. 250011)

Detalles MARC
000 -LEADER
fixed length control field 02506nam a2200541Ii 4500
001 - CONTROL NUMBER
control field DIGUNINOR0234
003 - CONTROL NUMBER IDENTIFIER
control field NyNyDIG
006 - FIXED-LENGTH DATA ELEMENTS--ADDITIONAL MATERIAL CHARACTERISTICS
fixed length control field m o d
008 - FIXED-LENGTH DATA ELEMENTS--GENERAL INFORMATION
fixed length control field 190208s2017 ck ob 001 0 spa d
007 - PHYSICAL DESCRIPTION FIXED FIELD--GENERAL INFORMATION
fixed length control field cr |||||||||||
035 ## - SYSTEM CONTROL NUMBER
System control number (OCoLC)993777395
040 ## - CATALOGING SOURCE
Original cataloging agency DGITA
Language of cataloging eng
Description conventions rda
-- pn
Transcribing agency DGITA
020 ## - INTERNATIONAL STANDARD BOOK NUMBER
International Standard Book Number 9789587417586
Qualifying information (electronic bk.)
020 ## - INTERNATIONAL STANDARD BOOK NUMBER
International Standard Book Number 9587417585
Qualifying information (electronic bk.)
020 ## - INTERNATIONAL STANDARD BOOK NUMBER
Canceled/invalid ISBN 9789587417593
Qualifying information (impreso)
020 ## - INTERNATIONAL STANDARD BOOK NUMBER
Canceled/invalid ISBN 9587417593
Qualifying information (impreso)
050 14 - LIBRARY OF CONGRESS CALL NUMBER
Classification number LB1025.3 ebook
082 04 - DEWEY DECIMAL CLASSIFICATION NUMBER
Classification number 371.102
100 1# - MAIN ENTRY--PERSONAL NAME
Personal name Ambrose, Susan A.,
Dates associated with a name 1958-
Relator term author.
240 10 - UNIFORM TITLE
Uniform title How learning works.
Language of a work Spanish
Version (Gómez Mendoza)
245 10 - TITLE STATEMENT
Title Cómo funciona el aprendizaje :
Remainder of title 7 principios basados en la investigación para una enseñanza inteligente /
Statement of responsibility, etc. Susan A. Ambrose, Michael W. Bridges, Michele DiPietro, Marsha C. Lovett, Marie K. Norman ; prólogo de Richard E. Mayer ; traducción de Olga Gómez Mendoza.
264 #1 - PRODUCTION, PUBLICATION, DISTRIBUTION, MANUFACTURE, AND COPYRIGHT NOTICE
Place of production, publication, distribution, manufacture Área metropolitana de Barranquilla (Colombia) :
Name of producer, publisher, distributor, manufacturer Universidad del Norte Editorial,
Date of production, publication, distribution, manufacture, or copyright notice 2017.
300 ## - PHYSICAL DESCRIPTION
Extent 1 online resource.
336 ## - CONTENT TYPE
Content type term text
Content type code txt
Source rdacontent
337 ## - MEDIA TYPE
Media type term computer
Media type code c
Source rdamedia
338 ## - CARRIER TYPE
Carrier type term online resource
Carrier type code cr
Source rdacarrier
504 ## - BIBLIOGRAPHY, ETC. NOTE
Bibliography, etc. note Includes bibliographical references and indexes.
588 0# - SOURCE OF DESCRIPTION NOTE
Source of description note Online resource; title from PDF title page (Digitalia, viewed February 10, 2019)
650 #0 - SUBJECT ADDED ENTRY--TOPICAL TERM
Topical term or geographic name entry element Effective teaching
Form subdivision Case studies.
650 #0 - SUBJECT ADDED ENTRY--TOPICAL TERM
Topical term or geographic name entry element Educational innovations
Form subdivision Case studies.
650 #0 - SUBJECT ADDED ENTRY--TOPICAL TERM
Topical term or geographic name entry element School improvement programs
Form subdivision Case studies.
650 #0 - SUBJECT ADDED ENTRY--TOPICAL TERM
Topical term or geographic name entry element Learning, Psychology of
Form subdivision Case studies.
655 #7 - INDEX TERM--GENRE/FORM
Genre/form data or focus term Reference works.
Source of term lcgft
655 #0 - INDEX TERM--GENRE/FORM
Genre/form data or focus term Electronic books.
700 1# - ADDED ENTRY--PERSONAL NAME
Personal name Bridges, Michael W.,
Relator term author.
700 1# - ADDED ENTRY--PERSONAL NAME
Personal name DiPietro, Michele,
Relator term author.
700 1# - ADDED ENTRY--PERSONAL NAME
Personal name Lovett, Marsha,
Relator term author.
700 1# - ADDED ENTRY--PERSONAL NAME
Personal name Norman, Marie K.,
Relator term author.
700 1# - ADDED ENTRY--PERSONAL NAME
Personal name Mayer, Richard E.,
Dates associated with a name 1947-
Relator term contributor agent of text.
700 1# - ADDED ENTRY--PERSONAL NAME
Personal name Gómez Mendoza, Olga,
Relator term translator.
700 1# - ADDED ENTRY--PERSONAL NAME
Relationship information Translation of:
Personal name Ambrose, Susan A.,
Dates associated with a name 1958-
Title of a work How learning works.
791 2# -
-- Digitalia (Firm),
-- distributor.
793 0# -
-- Digitalia eBook Collection:
-- Ediciones Uninorte.
776 08 - ADDITIONAL PHYSICAL FORM ENTRY
Relationship information Print version:
Main entry heading Ambrose, Susan A., 1958-
Uniform title How learning works. Spanish (Gómez Mendoza)
Title Cómo funciona el aprendizaje.
Place, publisher, and date of publication Área metropolitana de Barranquilla (Colombia) : Universidad del Norte Editorial, 2017
International Standard Book Number 9789587417593
856 40 - ELECTRONIC LOCATION AND ACCESS
Materials specified Digitalia Hispánica
Uniform Resource Identifier <a href="https://www.digitaliapublishing.com/a/47080/">https://www.digitaliapublishing.com/a/47080/</a>
910 ## - USER-OPTION DATA (OCLC)
User-option data Premium collection: 2019
942 ## - ADDED ENTRY ELEMENTS (KOHA)
Koha item type Recurso Electrónico
Existencias
Withdrawn status Lost status Damaged status Not for loan Collection Home library Current library Date acquired Total checkouts Date last seen Price effective from Koha item type
        Digitalia Ebooks Hispanica Biblioteca Digital UIN Biblioteca Digital UIN 04/25/2025   04/25/2025 04/25/2025 Recurso Electrónico

CONTACTO


NOSOTROS


SITIOS DE INTERES

coordinacion.biblioteca.biblioteca@unienlinea.mx Misión, Visión y Objetivos Bases de datos
Directorio Bibliotecas Digitales y Repositorios
Normatividad Revistas y artículos
Convenios interbibliotecarios
Boletines



Hecho en México. Universidad Insurgentes (UIN). Todos los derechos reservados 2024. Esta página y sus contenidos pueden ser reproducidos con fines no lucrativos, siempre y cuando no se mutile, se cite la fuente completa y su dirección electrónicas. De otra forma requiere permiso previo por escrito de la institución




2024 Copyright Universidad Insurgentes | www.bibliouin.com.mx